| 000 | 00530nam a2200181 i 4500 | ||
|---|---|---|---|
| 001 | 46817 | ||
| 003 | ES-MaACL | ||
| 005 | 20230906161442.0 | ||
| 007 | t| | ||
| 008 | 030401s1968 sp ||||1| spa d | ||
| 100 | 1 |
_aConquet, André. _940213 |
|
| 245 | 1 | 0 |
_aCómo se participa en una reunión / _cAndré Conquet ; versión castellana de Roberto Coll. |
| 250 | _a1ª ed. | ||
| 260 |
_aBarcelona : _bNova Terra, _c[1968] |
||
| 300 |
_a63 p. ; _c21 cm. |
||
| 700 | 1 |
_aColl, Roberto. _939620 |
|
| 852 |
_aES-MaACL _jC-48370 _bR.66884 |
||
| 999 |
_c46817 _d46817 |
||